Forma valor y forma comunidad: aproximación teórica-abstracta a los fundamentos civilizatorios que preceden al Ayllu Universal /
Según el autor este libro busca escudriñar la fuerza histórica del comunismo como densificación material superior y territorialmente universalizada de la civilización comunitaria a partir de lo que hoy somos y hemos llegado a ser, esto es, a partir de la conjunción de las potencias comunitaristas un...
Furkejuvvon:
| Váldodahkki: | |
|---|---|
| Materiálatiipa: | Dovdameahttun |
| Giella: | Spanish |
| Almmustuhtton: |
La Paz, Bolivia :
CLACSO
2009
|
| Fáttát: | |
| Fáddágilkorat: |
Lasit fáddágilkoriid
Eai fáddágilkorat, Lasit vuosttaš fáddágilkora!
|
MARC
| LEADER | 00000 a2200000 04500 | ||
|---|---|---|---|
| 001 | 39948 | ||
| 003 | cru CIDCACS/IIS | ||
| 005 | 20230605104100.0 | ||
| 008 | 050701s2009 bo spa d | ||
| 020 | |a 978-99905-40-58-1 | ||
| 040 | |c CRAI/IIS | ||
| 090 | |a 03.03.01 G216f | ||
| 100 | |a García Linera, Alvaro | ||
| 245 | |a Forma valor y forma comunidad: |b aproximación teórica-abstracta a los fundamentos civilizatorios que preceden al Ayllu Universal / |c Álvaro García Linera | ||
| 260 | |a La Paz, Bolivia : |b CLACSO |c 2009 | ||
| 300 | |a 367 páginas | ||
| 500 | |a Diseminar 201006 | ||
| 520 | |a Según el autor este libro busca escudriñar la fuerza histórica del comunismo como densificación material superior y territorialmente universalizada de la civilización comunitaria a partir de lo que hoy somos y hemos llegado a ser, esto es, a partir de la conjunción de las potencias comunitaristas universales contenidas en las contradicciones del capital (las luchas obreras y el intelecto social-universal), y en las fuerzas productivas asociativas, subjetivas e históricas de las comunidades agrarias y urbanas actualmente existentes. | ||
| 590 | |a RRA/JULIO2010 | ||
| 650 | |a MARXISMO | ||
| 650 | |a CAPITALISMO | ||
| 650 | |a TEORIA | ||
| 650 | |a COMUNISMO | ||
| 650 | |a CAMBIO SOCIAL | ||
| 942 | |2 ddc |c LI |h 03.03.01 G216f |i 07836 |6 030301_G216F_07836 | ||
| 999 | |c 11369 |d 11369 | ||



